|
|
|
|
| LEADER |
01148nam a22002897a 4500 |
| 001 |
28048 |
| 003 |
BD-DhAAL |
| 005 |
20140619122838.0 |
| 008 |
140619r19981983naua b 000 0 eng d |
| 040 |
|
|
|a BD-DhAAL
|c BD-DhAAL
|
| 041 |
|
|
|a eng
|
| 082 |
0 |
4 |
|2 20
|a 306.408996073
|
| 245 |
0 |
0 |
|a Black popular culture /
|c a project by Michele Wallace ; edited by Gina Dent
|
| 260 |
|
|
|a New York:
|b The New Press,
|c c1983 [reprinted 1998]
|
| 300 |
|
|
|a ix, 373 p. :
|b ill. ;
|c 22 cm.
|
| 490 |
1 |
|
|a Discussion in contemporary culture / Dia Center for the Arts
|v 8
|x 1047-6806
|
| 504 |
|
|
|a Includes bibliographical references (p. 347-366).
|
| 541 |
|
|
|e 28048
|
| 650 |
|
0 |
|a Popular culture
|z United States.
|9 5101
|
| 650 |
|
0 |
|a African American arts.
|9 5104
|
| 650 |
|
0 |
|a Popular culture.
|9 5105
|
| 700 |
1 |
|
|a Dent, Gina.
|9 5106
|
| 700 |
1 |
|
|a Wallace, Michele.
|9 5107
|
| 710 |
2 |
|
|a Dia Center for the Arts (New York, N.Y.)
|9 5108
|
| 942 |
|
|
|2 ddc
|c BK
|
| 999 |
|
|
|c 24624
|d 24624
|
| 952 |
|
|
|0 0
|1 0
|2 ddc
|4 0
|6 306_408996073000000_BLA
|7 0
|9 34666
|a BRACUL
|b BRACUL
|c GEN
|d 2014-06-19
|e Trim Education
|g 2195.00
|l 1
|m 3
|o 306.408996073 BLA
|p 3010028048
|r 2019-08-27
|s 2019-08-01
|t 1
|w 2014-06-19
|y BK
|